Bharatbarshat rajnaitik prakriya (Major7)/ (Record no. 12119)

MARC details
000 -LEADER
fixed length control field 00586nam a22002057a 4500
005 - DATE AND TIME OF LATEST TRANSACTION
control field 20260515115058.0
008 - FIXED-LENGTH DATA ELEMENTS--GENERAL INFORMATION
fixed length control field 250305b |||||||| |||| 00| 0 eng d
020 ## - INTERNATIONAL STANDARD BOOK NUMBER
International Standard Book Number 9788119679560
040 ## - CATALOGING SOURCE
Original cataloging agency IN-DiNC
Transcribing agency IN-DiNC
041 ## - LANGUAGE CODE
Language code of sung or spoken text asm
082 ## - DEWEY DECIMAL CLASSIFICATION NUMBER
Classification number 320.954
Item number GOH
100 ## - MAIN ENTRY--PERSONAL NAME
Personal name Gohain, Nabin
Relator term author
245 ## - TITLE STATEMENT
Title Bharatbarshat rajnaitik prakriya (Major7)/
Statement of responsibility, etc. by Nabin Gohain and Pankaj Borah
250 ## - EDITION STATEMENT
Edition statement 1st ed.
260 ## - PUBLICATION, DISTRIBUTION, ETC.
Place of publication, distribution, etc. Jorhat:
Name of publisher, distributor, etc. Bidya bhawan,
Date of publication, distribution, etc. 2024.
300 ## - PHYSICAL DESCRIPTION
Extent 352p.
650 ## - SUBJECT ADDED ENTRY--TOPICAL TERM
Topical term or geographic name entry element Political process in India (Major7)
700 ## - ADDED ENTRY--PERSONAL NAME
Personal name Borah, Pankaj
Relator term author
942 ## - ADDED ENTRY ELEMENTS (KOHA)
Source of classification or shelving scheme Dewey Decimal Classification
Koha item type Books
Holdings
Withdrawn status Lost status Source of classification or shelving scheme Damaged status Not for loan Collection Home library Current library Shelving location Date acquired Cost, normal purchase price Total checkouts Full call number Barcode Date last seen Date last checked out Copy number Price effective from Koha item type
    Dewey Decimal Classification       Naharkatiya College Library Naharkatiya College Library General stacks 03/05/2025 300.00 3 320.954 GOH 30640 02/19/2026 04/08/2025 2 03/05/2025 Books
    Dewey Decimal Classification       Naharkatiya College Library Naharkatiya College Library General stacks 03/05/2025 300.00 6 320.954 GOH 30641 03/06/2026 03/06/2026 3 03/05/2025 Books
    Dewey Decimal Classification       Naharkatiya College Library Naharkatiya College Library General stacks 03/05/2025 300.00 6 320.954 GOH 30639 03/02/2026 02/03/2026 1 03/05/2025 Books